| LEADER |
00844nam0a2200205 450 |
| 001 |
16829038 |
| 010 |
|
|
|a 978-2-7540-8469-7
|b br.
|d 22,95
|
| 100 |
|
|
|a 20170919d2017 u u0frey01 ba
|
| 101 |
0 |
|
|a fre
|
| 102 |
|
|
|a FR
|
| 200 |
0 |
|
|a Burn-out pour les nuls (Le)
|f Marie Pezé
|
| 207 |
|
1 |
|a
|
| 210 |
|
|
|a Paris
|c First Editions
|d 2017
|
| 215 |
|
|
|a 1 vol. (XVI-352 p.)
|d 23 x 19 cm
|
| 225 |
1 |
|
|a Pour les nuls
|
| 330 |
|
|
|a La psychologue expose les symptômes de l'épuisement professionnel, tels que la démotivation, l'insomnie ou la baisse d'estime de soi, puis elle donne des indications pour mettre en place des thérapies et se réorganiser.
|
| 700 |
|
0 |
|a Pezé
|b Marie
|4 70
|
| 900 |
|
|
|a Documentaire
|
| 901 |
|
|
|a Accessible au prêt
|
| 995 |
|
|
|a Bibliothèque
|c Bibliothèque
|f 00156010823110
|h 00156010823110
|k 331. 256 PEZ
|o p
|q a
|r az
|e Bibliothèque
|